000 00581nam a2200169 a 4500
001 000042828
005 20201002040428.0
008 140210s1986 mx 000 0 spa d
020 _a9684070020
040 _aDO-SdBNP
_bspa
_cBNPHU
100 1 _aVidali, Victtorio
_970194
245 1 0 _aComandante Carlos /
_cVicttorio Vidali ; traducción de Cristina Cámpora.
260 _aMéxico :
_bEdiciones de Cultura Popular,
_c1986.
300 _a135 p. ;
_c21 cm.
504 _aIncluye referencias bibliográficas y notas al pie de las páginas
700 1 _aCámpora, Cristina
_etr.
_970195
999 _c42317
_d42317